Training media review (Registro nro. 160144)

Detalles MARC
000 -LEADER
fixed length control field 00893ny a22002533n 4500
008 - FIXED-LENGTH DATA ELEMENTS--GENERAL INFORMATION
fixed length control field 930929c19949999maumr ss 0 a0eng d
022 ## -
-- 1072-3188
035 ## -
-- 3005
040 ## - CATALOGING SOURCE
Original cataloging agency UCA
Modifying agency vLex
090 ## -
-- 1679
-- 1679
245 30 - TITLE STATEMENT
Title Training media review
Medium [Recurso electrónico]
256 ## -
-- Servicio en línea
260 ## - PUBLICATION, DISTRIBUTION, ETC. (IMPRINT)
Place of publication, distribution, etc Boston, MA :
Name of publisher, distributor, etc Venture Pub.
310 ## -
-- Mensual
506 1# - RESTRICTIONS ON ACCESS NOTE
Terms governing access Contenido solo disponible en los productos indicados
Authorized users vLex Global
-- vLex Global (Academic Edition, excluding Law Schools)
-- vLex Global (Academic Edition, Law Schools)
650 04 - SUBJECT ADDED ENTRY--TOPICAL TERM
Topical term or geographic name as entry element Personal
General subdivision Formación
650 04 - SUBJECT ADDED ENTRY--TOPICAL TERM
Topical term or geographic name as entry element Profesiones
General subdivision Publicaciones periódicas
740 0# -
-- vLex Revista (Servicios en línea)
843 ## -
-- Electrónica. Cerrada
853 ## -
-- 1
-- (year)
-- (month)
-- (day)
856 40 - LOCALIZACIÓN Y ACCESO ELECTRÓNICO
Identificador Uniforme del Recurso (URI/URL) http://vlex.com/account/login_ip?fuente_id=3005
942 ## -
-- RAA
999 ## -
-- 160144
-- 160144

No hay ítems disponibles.


CONTACTO


NOSOTROS


SITIOS DE INTERES

coordinacion.biblioteca.biblioteca@unienlinea.mx Misión, Visión y Objetivos Bases de datos
Directorio Bibliotecas Digitales y Repositorios
Normatividad Revistas y artículos
Convenios interbibliotecarios
Boletines



Hecho en México. Universidad Insurgentes (UIN). Todos los derechos reservados 2024. Esta página y sus contenidos pueden ser reproducidos con fines no lucrativos, siempre y cuando no se mutile, se cite la fuente completa y su dirección electrónicas. De otra forma requiere permiso previo por escrito de la institución




2024 Copyright Universidad Insurgentes | www.bibliouin.com.mx